Michelangelo (Record no. 5158)
[ view plain ]
| 000 -CABECERA | |
|---|---|
| campo de control de longitud fija | 01007nam a2200301 a 4500 |
| 001 - NÚMERO DE CONTROL | |
| campo de control | BRCA_5464 |
| 005 - FECHA Y HORA DE LA ÚLTIMA TRANSACCIÓN | |
| campo de control | 20190320205105.0 |
| 008 - DATOS DE LONGITUD FIJA--INFORMACIÓN GENERAL | |
| campo de control de longitud fija | 860220s1906 gw-ac#####---#000-0#ger-# |
| 041 ## - CÓDIGO DE LENGUA | |
| Código de lengua del texto/banda sonora o título independiente | ger |
| 044 ## - CÓDIGO DEL PAÍS DE LA ENTIDAD EDITORA/PRODUCTORA | |
| Código MARC del país | gw |
| 050 #4 - SIGNATURA TOPOGRÁFICA DE LA BIBLIOTECA DEL CONGRESO | |
| Número de clasificación | N6923.B8 |
| Número de documento/Ítem | .M53 1906 |
| 245 10 - MENCIÓN DE TÍTULO | |
| Título | Michelangelo |
| Resto del título | des meisters werke in 166 abbildungen |
| Mención de responsabilidad, etc. | herausgegeben von Fitz Knapp |
| 250 ## - MENCIÓN DE EDICIÓN | |
| Mención de edición | 4 |
| 260 ## - PUBLICACIÓN, DISTRIBUCIÓN, ETC. | |
| Lugar de publicación, distribución, etc. | Stuttgart, Alemania |
| Nombre del editor, distribuidor, etc. | Deutsche Verlags-Anstalt |
| Fecha de publicación, distribución, etc. | [1906] |
| 300 ## - DESCRIPCIÓN FÍSICA | |
| Extensión | L, 189 p. principalmente láminas |
| Otras características físicas | il., láminas, retratos |
| Dimensiones | 26 cm. |
| 440 #0 - MENCIÓN DE SERIE/PUNTO DE ACCESO ADICIONAL--TÍTULO | |
| Título | Klassiker der Kunst: in gesamtausgaben |
| Designación de volumen o secuencia | 7 |
| 9 (RLIN) | 13959 |
| 500 ## - NOTA GENERAL | |
| Nota general | Estado físico: Esquinas deterioradas |
| 500 ## - NOTA GENERAL | |
| Nota general | Incluye lista cronológica de las obras |
| 500 ## - NOTA GENERAL | |
| Nota general | En 169 ilustraciones |
| 500 ## - NOTA GENERAL | |
| Nota general | M44 |
| 600 14 - PUNTO DE ACCESO ADICIONAL DE MATERIA--NOMBRE DE PERSONA | |
| Nombre de persona | Buonarroti, Michelangelo |
| Fechas asociadas al nombre | 1475-1564 |
| 9 (RLIN) | 13960 |
| 650 14 - PUNTO DE ACCESO ADICIONAL DE MATERIA--TÉRMINO DE MATERIA | |
| Término de materia o nombre geográfico como elemento de entrada | Artistas italianos |
| 9 (RLIN) | 13961 |
| 650 14 - PUNTO DE ACCESO ADICIONAL DE MATERIA--TÉRMINO DE MATERIA | |
| Término de materia o nombre geográfico como elemento de entrada | Pintores italianos |
| 9 (RLIN) | 7654 |
| 650 14 - PUNTO DE ACCESO ADICIONAL DE MATERIA--TÉRMINO DE MATERIA | |
| Término de materia o nombre geográfico como elemento de entrada | pinturas italianas |
| 9 (RLIN) | 12941 |
| 700 1# - PUNTO DE ACCESO ADICIONAL--NOMBRE DE PERSONA | |
| Nombre de persona | Knapp, Fritz |
| Fecha de publicación/de la obra | 1870-1938 |
| 9 (RLIN) | 13962 |
| 902 ## - CATALOGADOR | |
| Iniciales | GFM |
| 942 ## - ELEMENTOS DE PUNTO DE ACCESO ADICIONAL (KOHA) | |
| Fuente del sistema de clasificación o colocación | Library of Congress Classification |
| Tipo de ítem Koha | Libros |
| Estado de retiro | Estado de pérdida | Estado dañado | No para préstamo | Localización permanente | Ubicación/localización actual | Fecha de adquisición | Número de inventario | Total de préstamos | Signatura topográfica completa | Código de barras | Fecha visto por última vez | Precio válido a partir de | Tipo de ítem Koha |
|---|---|---|---|---|---|---|---|---|---|---|---|---|---|
| El ejemplar forma parte de la colección y puede ser consultado según las políticas vigentes. | Biblioteca del Museo Franz Mayer (Rogerio Casas-Alatriste) | Biblioteca del Museo Franz Mayer (Rogerio Casas-Alatriste) | 23/12/2010 | M44 | N6923.B8 .M53 1906 (M44) | 5899 | 22/03/2019 | 22/03/2019 | Libros |